header

The defence of French (Record no. 249624)

MARC details
000 -LEADER
fixed length control field 01307nam a22003374a 4500
082 04 - DEWEY DECIMAL CLASSIFICATION NUMBER
Classification number 440
100 1# - MAIN ENTRY--AUTHOR NAME
Personal name Adamson, Robin.
245 14 - TITLE STATEMENT
Title The defence of French
260 ## - PUBLICATION, DISTRIBUTION, ETC. (IMPRINT)
Place of publication Clevedon, England ;
-- Buffalo, N.Y. :
Name of publisher Multilingual Matters,
Year of publication c2007.
300 ## - PHYSICAL DESCRIPTION
Number of Pages xx, 199 p.
490 0# - SERIES STATEMENT
Series statement Multilingual matters ;
650 #0 - SUBJECT ADDED ENTRY--TOPICAL TERM
Topical Term French language.
856 40 - ELECTRONIC LOCATION AND ACCESS
Uniform Resource Identifier http://site.ebrary.com/lib/rucke/Doc?id=10170602

No items available.

© 2026 Rongo University
Contact us: librarian | system librarian | Rongo university